000 nkm a22 a 4500
999 _c209804
_d209804
003 BLK
005 20220210100530.0
008 180412b bul rap|r|||| r0| ||bulo|
010 _aKNG00157345000
040 _aBLK
041 _aFRE
_cFRE
_hDEU
_hENG
080 _aЖивопис
_b75
_x(44)(092)
_z75(44)(092)
080 _aФренски художник, един от основоположниците на импресионизма
_b929 Реноар, Пиер-Огюст
_z929 Реноар, Пиер-Огюст
100 1 _aLedivelec, Madeleine
_eпърви автор
_916713
139 _aLedivelec, Madeleine
_bR 43
245 1 0 _aRenoir
_cMadeleine Ledivelec.
257 _aDEU
260 _bUffici Kunstverl.
_bPalladium
_cS. a.
300 _a36 p.
_bill.
_c17 cm
380 _a7
490 1 _aKleine Serie grosser Kunstler
600 1 4 _aРеноар, Пиер-Огюст
_9301031
650 4 _aХудожници, френски - албуми
_9253572
651 4 _aФранция
_9179722
653 _aфренски художници
653 _aалбуми
653 _aПиер-Огюст Реноар
852 _aЦб І 38353
_bО
942 _cGRA
_n0
_s1
944 _aCR
_c28.02.2014
_l28.02.2014 - от С1,Р / 28.02.2014
_kИрена_Линкова
944 _aED
_c2022-02-10
_kКети
999 _d209804